LEADER 01750oam 2200373z- 450 001 9910417775803321 005 20201020161215.0 035 $a(CKB)5310000000012945 035 $a(BIP)072264983 035 $a(Perlego)1419932 035 $a(EXLCZ)995310000000012945 100 $a20200419d2019 uy | 101 0 $aita 200 00$aIl terzo uomo dell'affaire Dreyfus $eLa vita romanzesca di Maurice-Henri Weil 210 $cTAB edizioni 215 $a1 online resource (102 p.) $cill 311 08$a9788831352062 311 08$a8831352067 311 08$a9788831352086 311 08$a8831352083 330 8 $aTra i protagonisti dimenticati dell'affaire Dreyfus, che tra il 1894e il 1904 ha scosso la Terza Repubblica francese e continua a suscitarelargo interesse, c'era Maurice-Henri Weil, esponente dellamedia borghesia ebraica in rapida ascesa sociale, grande storicomilitare dell'Italia napoleonica finito sotto la lente d'ingrandimento dei servizi segreti italiani.La sua avventurosa biografia offre lo spunto per tratteggiareun singolare spaccato della societa? europea - dalla strage deicomunardi ai maneggi dell'intelligence francese, dai ludi equestrialla persecuzione antisemita - poco prima della catastrofe. 517 $aTerzo uomo dell'affaire Dreyfus 517 $aIl terzo uomo dell'affaire Dreyfus 606 $aMilitary historians$zFrance$vBiography 606 $aJews$zFrance$vBiography 606 $aAntisemitism$zFrance$xHistory$y19th century 615 0$aMilitary historians 615 0$aJews 615 0$aAntisemitism$xHistory 700 $aIlari$b Virgilio$f1948-$0152222 906 $aBOOK 912 $a9910417775803321 996 $aIl terzo uomo dell'affaire Dreyfus$93401849 997 $aUNINA